书目信息 |
| 题名: |
塑料橡胶配方技术手册
|
|
| 作者: | 徐定宇 , 张英 , 张文芝 编著 | |
| 分册: | ||
| 出版信息: | 北京 化学工业出版社材料科学与工程出版中心 2002 |
|
| 页数: | 428页 | |
| 开本: | 26cm | |
| 丛书名: | ||
| 单 册: | ||
| 中图分类: | TQ330.6-62 , TQ320-62 | |
| 科图分类: | ||
| 主题词: | 塑料制品--su liao zhi pin--配方--技术手册 , 塑料制品--su liao zhi pin , 橡胶制品--su liao zhi pin , 橡胶制品--su liao zhi pin--配方--技术手册 | |
| 电子资源: | ||
| ISBN: | 7-5025-3727-9 | |
| 000 | 01044nam0 2200301 45 | |
| 001 | 012005000794 | |
| 005 | 20061114152501.60 | |
| 010 | @a7-5025-3727-9@dCNY55.00 | |
| 100 | @a20050416d2002 em y0chiy0121 ea | |
| 101 | 0 | @achi |
| 102 | @aCN@b110000 | |
| 105 | @ay a 000yy | |
| 200 | 1 | @a塑料橡胶配方技术手册@Asu liao xiang jiao pei fang ji shu shou ce@f徐定宇, 张英, 张文芝编著 |
| 210 | @a北京@c化学工业出版社材料科学与工程出版中心@d2002 | |
| 215 | @a428页@d26cm | |
| 320 | @a有书目 | |
| 330 | @a本书分四章介绍了各种合成树脂、塑料助剂及添加剂、无机纳米材料、塑料制品、橡胶制品的配方的设计基础等内容。 | |
| 606 | 0 | @a塑料制品@Asu liao zhi pin@x配方@j技术手册 |
| 606 | 0 | @a塑料制品@Asu liao zhi pin |
| 606 | 0 | @a橡胶制品@Asu liao zhi pin |
| 606 | 0 | @a橡胶制品@Asu liao zhi pin@x配方@j技术手册 |
| 690 | @aTQ330.6-62@v4 | |
| 690 | @aTQ320-62@v4 | |
| 701 | 0 | @a徐定宇@Axu ding yu@4编著 |
| 701 | 0 | @a张英@Azhang ying@4编著 |
| 701 | 0 | @a张文芝@Azhang wen zhi@4编著 |
| 801 | 0 | @aCN@c20061114 |
| 905 | @a10447@dTQ320-62@eX690 | |
| 塑料橡胶配方技术手册/徐定宇, 张英, 张文芝编著.-北京:化学工业出版社材料科学与工程出版中心,2002 |
| 428页;26cm |
| ISBN 7-5025-3727-9:CNY55.00 |
| 本书分四章介绍了各种合成树脂、塑料助剂及添加剂、无机纳米材料、塑料制品、橡胶制品的配方的设计基础等内容。 |
| ● |
| 相关链接 |
|
|
|
正题名:塑料橡胶配方技术手册
索取号:TQ320-62/X690
 
预约/预借
| 序号 | 登录号 | 条形码 | 馆藏地/架位号 | 状态 | 备注 |
| 1 | 638591 | 206385918 | 自科库501/501自科库 140排5列3层/ [索取号:TQ320-62/X690] | 在馆 | |
| 2 | 638592 | 206385927 | 期刊室512/501自科库 140排5列3层/ [索取号:TQ320-62/X690] | 在馆 | |
| 3 | 638593 | 206385936 | 自科库501/501自科库 140排5列3层/ [索取号:TQ320-62/X690] | 在馆 |